000 00708nam a2200205Ia 4500
003 GCL
008 140319s9999 xx 000 0 ara d
020 _a7435301977
040 _aGCL /
_cGCL
082 0 4 _a812
_bا م
100 1 _aاسامة جلال على محمد
245 1 0 _aمسرحية الشطرنج /
_cاسامة جلال على محمد
260 _aالقاهرة :
_bالهيئة المصرية العامة للكتاب
300 _a130 ص ؛
_c20 سم
490 _aمسابقة تيمور للابداع المسرحى
_v0
650 0 4 _aالمسرحيات
650 0 4 _aالمسرحيات العربية - مصر
650 0 4 _aالمسرحيات - مسابقات
942 _2ddc
_cBK
999 _c6768
_d6768